Word Chain - 2025 - Statistics

General Stats
  • This quiz has been taken 43 times
  • The average score is 6 of 25
Answer Stats
Hint Date Answer % Correct
The re-elected president of the United States. January 20 Donald Trump
100%
Major U.S. City is engulfed in flames. January 7 Los Angeles
45%
What two countries started a war over Jammu and Kashmir? May 6 India and Pakistan
43%
Country affected by a power outage. April 28 Spain
38%
What did the first answer do to every country? April 2 Tariffed
38%
The 2025 Expo is currently occurring here in this Japanese city. April 13 – October 13 Osaka
33%
Winner of the 2025 World Men's Handball Championship January 14 – February 2 Denmark
29%
DeepSeek is a Chinese Competitor of what AI Company? January 27 OpenAI
29%
Poland takes over the presidency of the Council of what? January 1 European Union
24%
The airline that crashed in the 2025 Potomac River Mid-Air collision. January 29 American Airlines
21%
What annual event was held in Basel, Switzerland? May 13–17 Eurovision Song Contest
21%
A vehicle rams into a crowd during New Year celebrations in this city. January 1 New Orleans
21%
A fire breaks out in a nightclub in what country? March 16 North Macedonia
21%
Turkish movement party that dissolved. May 14 Kurdistan Workers' Party
19%
This country altered their constitution and became a diarchy. February 18 Nicaragua
17%
Thailand becomes the first Southeast Asian country to legalize this. January 23 Same-Sex Marriage
14%
Last name of Pope Francis, the former Pope. April 21 Bergoglio
12%
One of the Somali Civil War's Independent Regional Movements. [No Date] Puntland
12%
This former Philippine president is arrested for crimes against humanity. March 11 Rodrigo Duterte
12%
A nightclub roof collapses in this capital city. April 8 Santo Domingo
12%
"The Great Comet of 2025" January 13 ATLAS
10%
The Caribbean Guilder replaces this currency in Curacao and Sint Maarten. March 31 Netherlands Antillean Guilder
7%
Ireland and the United Kingdom are hit with this cyclone. January 24 Storm Éowyn
7%
South Korea's former president that's arrested. January 15 Yoon Suk Yeol
7%
Colossal Biosciences and University of Melbourne create the world's first ___. January 15 artificial womb
2%
No matching quizzes found
Score Distribution
Percent of People with Each Score
Percentile by Number Answered
Your Score History
You have not taken this quiz